[Event "Leamington Spa 4NCL op-B 26th"]
[Site "Leamington Spa"]
[Date "2021.09.11"]
[Round "3"]
[White "Holt, Trevor J"]
[Black "Sengenberger, Sara"]
[Result "0-1"]
[WhiteElo "1780"]
[BlackElo "1638"]
[PlyCount "62"]
[EventDate "2021.09.10"]
[EventType "swiss"]
[EventRounds "5"]
[EventCountry "ENG"]
[SourceTitle "EXT 2023"]
[Source "ChessBase"]
[SourceDate "2022.10.05"]
[SourceVersion "1"]
[SourceVersionDate "2022.10.05"]
[SourceQuality "1"]

1. e4 c5 2. d4 cxd4 3. Nf3 g6 4. c3 dxc3 5. Nxc3 Nc6 6. Bc4 a6 7. Bb3 Bg7 8. 0-0 Nf6 9. Bg5 d6 10. Qd2 Bg4 11. Nh4 0-0 12. h3 Be6 13. Nd5 Nxe4 14. Qc1 Nxg5 15. Qxg5 Bxd5 16. Bxd5 e6 17. Qxd8 Rfxd8 18. Bc4 d5 19. Be2 Bxb2 20. Rab1 Bf6 21. Nf3 b5 22. Rfc1 Rac8 23. Rd1 Na5 24. a4 bxa4 25. Bxa6 Ra8 26. Be2 Nb3 27. Nd2 Nxd2 28. Rxd2 Rab8 29. Rxb8 Rxb8 30. Ra2 Rb1+ 31. Bf1 Ra1 0-1

[Event "Leamington Spa 4NCL op-B 26th"]
[Site "Leamington Spa"]
[Date "2021.09.10"]
[Round "1"]
[White "Holt, Trevor J"]
[Black "Spanton, Timothy"]
[Result "0-1"]
[WhiteElo "1780"]
[BlackElo "1965"]
[PlyCount "74"]
[EventDate "2021.09.10"]
[EventType "swiss"]
[EventRounds "5"]
[EventCountry "ENG"]
[SourceTitle "EXT 2023"]
[Source "ChessBase"]
[SourceDate "2022.10.05"]
[SourceVersion "1"]
[SourceVersionDate "2022.10.05"]
[SourceQuality "1"]

1. e4 c5 2. d4 cxd4 3. Nf3 Nc6 4. Bc4 Nf6 5. Qe2 d6 6. h3 e6 7. c3 d5 8. exd5 Nxd5 9. cxd4 Bb4+ 10. Bd2 Nf4 11. Qe4 Nxg2+ 12. Kf1 f5 13. Qe2 Bxd2 14. Nbxd2 Nf4 15. Qe1 0-0 16. Nb3 Kh8 17. Rg1 Nxh3 18. Rg3 Nf4 19. Qd2 Nd5 20. Kg2 f4 21. Rg5 Qf6 22. Bxd5 exd5 23. Rh1 Bf5 24. Rgh5 Be4 25. R1h3 Qg6+ 26. Kh2 Bxf3 27. Rxh7+ Qxh7 28. Rxh7+ Kxh7 29. Qd3+ Be4 30. Qh3+ Kg8 31. Qe6+ Kh8 32. Qh3+ Bh7 33. Qh5 Rf5 34. Qe2 Rf6 35. Qb5 Be4 36. Kh3 Bf3 37. Kh4 Rf5 0-1

[Event "Beacon Seniors op"]
[Site "Exmouth"]
[Date "2008.11.20"]
[Round "4"]
[White "Dodgson, John A"]
[Black "Holt, Trevor J"]
[Result "1-0"]
[WhiteElo "2130"]
[BlackElo "1672"]
[PlyCount "79"]
[EventDate "2008.11.17"]
[EventType "swiss"]
[EventRounds "5"]
[EventCountry "ENG"]
[SourceTitle "EXT 2011"]
[Source "ChessBase"]
[SourceDate "2010.11.26"]
[SourceVersion "1"]
[SourceVersionDate "2010.11.26"]
[SourceQuality "1"]

1. e4 e5 2. d4 exd4 3. c3 d5 4. exd5 Qxd5 5. cxd4 Nc6 6. Be3 Nf6 7. Nf3 Bg4 8. Be2 Bb4+ 9. Nc3 0-0 10. 0-0 Qd7 11. a3 Bd6 12. b4 h6 13. Rc1 a6 14. Na4 Qe7 15. h3 Bf5 16. Nc5 Nd8 17. Re1 Nd5 18. Bxh6 gxh6 19. Bc4 Qf6 20. Bxd5 c6 21. Be4 Bxc5 22. Rxc5 Bxe4 23. Rxe4 Ne6 24. Rc3 Rad8 25. Qd2 Rd5 26. Ne5 Rfd8 27. Rf3 Qxe5 28. Rxe5 Rxe5 29. Qxh6 Rg5 30. Qf6 Rg7 31. Qe7 Rb8 32. Qd7 Rd8 33. Qxb7 Nxd4 34. Rf6 Re8 35. Qd7 Re1+ 36. Kh2 Re4 37. Rd6 Ne6 38. Rxc6 Nf4 39. Rc8+ Kh7 40. Qf5+ 1-0

[Event "EU-chT Seniors 05th"]
[Site "Dresden"]
[Date "2003.02.23"]
[Round "1.1"]
[White "Holt, Trevor J"]
[Black "Kort, Jacob"]
[Result "0-1"]
[WhiteElo "1776"]
[BlackElo "2225"]
[PlyCount "90"]
[EventDate "2003.02.23"]
[EventType "team-swiss"]
[EventRounds "7"]
[EventCountry "GER"]
[SourceTitle "EXT 2005"]
[Source "ChessBase"]
[SourceDate "2004.11.15"]
[SourceVersion "1"]
[SourceVersionDate "2004.11.15"]
[SourceQuality "1"]

1. e4 e5 2. Nf3 Nc6 3. Bc4 Nf6 4. d4 exd4 5. 0-0 Nxe4 6. Re1 d5 7. Bxd5 Qxd5 8. Nc3 Qa5 9. Nxe4 Be6 10. Bg5 h6 11. Bh4 Bc5 12. a3 Bb6 13. b4 Qf5 14. Qd3 0-0 15. h3 a6 16. Rad1 Rfe8 17. Kh2 Qg6 18. g4 Bd5 19. Nfd2 Kh7 20. f4 f6 21. Bxf6 Bxe4 22. Nxe4 Rxe4 23. Rxe4 gxf6 24. Rde1 Rg8 25. Qf3 f5 26. Re6 fxg4 27. Qe2 Qf5 28. Qd2 gxh3 29. R6e2 Kh8 30. Rf1 Nd8 31. Re5 Qg4 32. Re2 Qg3+ 33. Kh1 Nf7 34. c4 dxc3 35. Qd5 Qg2+ 36. Rxg2 hxg2+ 37. Qxg2 Rxg2 38. Kxg2 Kg7 39. Kf3 Nd6 40. Ke2 Bd4 41. Kd3 Bf6 42. Rg1+ Kf7 43. Rh1 Nb5 44. Rh2 Ke6 45. Ke4 h5 0-1